How many GI Joe characters can you name? Quiz Stats

 Plays Quiz not verified by Sporcle

Challenge
Share
Tweet
Embed
Score 0/161 Timer 20:00
1 Play Today
Year & Team Code Name % Correct
1983 G.I. JoeDuke
95.8%
1982 G.I. JoeSnake Eyes
95.8%
1985 G.I. JoeSnake Eyes
95.8%
1982 CobraCobra Commander
94.1%
1983 CobraDestro
93.4%
1982 G.I. JoeScarlett
92.7%
1984 CobraZartan
91.5%
1984 CobraStorm Shadow
91.4%
1984 G.I. JoeRoadblock
91.1%
1985 G.I. JoeFlint
90.7%
1984 CobraBaroness
90.1%
1985 G.I. JoeShipwreck
90.1%
1983 G.I. JoeGung Ho
88.7%
1982 G.I. JoeHawk
88.7%
1983 G.I. JoeDoc
87.3%
1985 G.I. JoeSgt. Slaughter
86.9%
1983 G.I. JoeWild Bill
86.5%
1985 G.I. JoeLady Jaye
86.4%
1983 G.I. JoeSnow Job
85.9%
1985 G.I. JoeDusty
85.6%
1986 CobraSerpentor
85.1%
1984 G.I. JoeMutt
85.1%
1985 CobraTomax
84.9%
1985 G.I. JoeBazooka
84.5%
1984 CobraFirefly
84.2%
1986 CobraDr. Mindbender
84.2%
1985 Cobra Xamot
84.1%
1987 G.I. JoeJinx
83.5%
1982 G.I. JoeBreaker
83.4%
1984 G.I. JoeSpirit
83.2%
1985 G.I. JoeQuick Kick
82.3%
1985 G.I. JoeAlpine
82.1%
1983 G.I. JoeCovergirl
81.9%
1982 G.I. JoeRock n Roll
81.9%
1982 G.I. JoeStalker
81.7%
1983 G.I. JoeAce
81.5%
1986 CobraZarana
81.3%
1982 CobraMajor Bludd
81%
1986 G.I. JoeBeachhead
80.8%
1982 G.I. JoeGrunt
80.4%
1987 G.I. JoeFalcon
80.1%
1987 G.I. JoeLaw & Order
80.1%
1986 G.I. JoeLifeline
79.6%
1984 G.I. JoeDeep Six
79.5%
1986 CobraBAT
79.4%
1984 G.I. JoeRecondo
79.2%
1985 CobraBuzzer
78.8%
1985 CobraRipper
78.7%
1985 CobraTorch
78.6%
1985 G.I. JoeBarbeque
77.9%
1986 G.I. JoeMainframe
77.8%
1986 G.I. JoeLow Light
77.7%
1984 G.I. JoeBlowtorch
77.3%
1986 G.I. JoeWet Suit
77.3%
Year & Team Code Name % Correct
1984 G.I. JoeRip Cord
77.1%
1987 G.I. JoeTunnel Rat
76.9%
1987 G.I. JoeChuckles
76.6%
1985 CobraCrimson Guard
76.5%
1982 G.I. JoeZap
76.4%
1982 G.I. JoeClutch
76.2%
1986 CobraViper
76.2%
1986 G.I. JoeLeatherneck
75.9%
1986 G.I. JoeDial Tone
75.6%
1986 CobraZandar
75%
1983 G.I. JoeTorpedo
74.6%
1986 Cobra Monkeywrench
74.6%
1983 G.I. JoeTripwire
74.5%
1986 G.I. JoeSci Fi
74.2%
1982 G.I. JoeFlash
73%
1982 CobraCobra Officer
72.2%
1987 CobraCroc Master
71.2%
1985 G.I. JoeAirtight
71.1%
1984 CobraWild Weasel
70.7%
1986 G.I. JoeIceberg
70.6%
1984 CobraScrap Iron
70.6%
1985 CobraEels
70.6%
1984 G.I. JoeCutter
70.5%
1986 G.I. JoeLift Ticket
70.3%
1985 G.I. JoeFrostbite
70%
1986 G.I. JoeCross Country
69.4%
1984 CobraCopperhead
69%
1986 G.I. JoeGeneral Hawk
68.9%
1985 G.I. JoeFootloose
68.8%
1982 G.I. JoeSteeler
68.7%
1987 G.I. JoeOutback
68.3%
1983 G.I. JoeAirborne
68.3%
1987 Cobra Big Boa
66.9%
1985 G.I. JoeTollbooth
66.4%
1987 CobraCrystal Ball
65.8%
1986 G.I. JoeSlip Stream
64.8%
1986 G.I. JoeThe Fridge
64.4%
1982 G.I. JoeShort Fuze
64.3%
1987 CobraZanzibar
64.2%
1982 G.I. JoeGrand Slam
64.1%
1985 G.I. JoeKeel Haul
63.7%
1987 CobraRaptor
63.6%
1985 CobraSnow Serpent
63.2%
1987 G.I. JoeMercer
63.2%
1986 CobraThrasher
62.9%
1988 CobraRoad Pig
62.3%
1987 CobraNemesis Enforcer
61.7%
1987 G.I. JoeRed Dog
61%
1985 G.I. JoeHeavy Metal
60.4%
1987 CobraGolobulus
60.4%
1983 CobraHiss Driver
60.1%
1982 CobraCobra Enemy
59.1%
1985 CobraTelevipers
58.9%
1984 G.I. JoeThunder
58.9%
Year & Team Code Name % Correct
1985 G.I. JoeCrankcase
58.8%
1987 G.I. JoeTaurus
58.2%
1987 G.I. JoeCrazylegs
58%
1988 G.I. JoeBudo
57.2%
1987 CobraTechno Viper
56.7%
1986 CobraStrato Viper
56%
1985 CobraLamprey
55.6%
1987 G.I. JoeSneak Peek
55.2%
1987 CobraIce Viper
54.8%
1988 CobraIron Grenadiers
54.4%
1988 G.I. JoeShockwave
54.2%
1987 G.I. JoePsyche Out
54%
1988 G.I. JoeBlizzard
53.4%
1988 G.I. JoeCharbroil
53.2%
1988 G.I. JoeMuskrat
53.1%
1987 CobraPythona
52.6%
1987 G.I. JoeFast Draw
52.1%
1987 CobraWORMS
52%
1986 CobraMotor Viper
51.9%
1988 CobraAstro Viper
51.6%
1988 CobraVoltar
51.3%
1986 CobraAVAC
51.1%
1988 G.I. JoeHardball
50.8%
1988 CobraToxo Viper
50.6%
1988 G.I. JoeHit & Run
49.6%
1988 CobraHydro Viper
49.6%
1988 G.I. JoeRepeater
49.6%
1987 CobraRoyal Guard
49.3%
1988 G.I. JoeGhost Rider
49.2%
1988 G.I. JoeSpearhead & Max
49%
1984 CobraStinger Driver
48.8%
1988 G.I. JoeSuper Trooper
47.2%
1983 CobraViper Pilot
47.1%
1987 G.I. JoePayload
47%
1987 CobraSea Slug
46.7%
1987 CobraGyro Viper
46.2%
1988 CobraStar Viper
46%
1986 G.I. JoeClaymore
45.9%
1987 G.I. JoeBackstop
45.1%
1987 G.I. JoeStarduster
45%
1988 G.I. JoeLight Foot
45%
1987 G.I. JoeHardtop
44.3%
1988 G.I. JoeSkidmark
44.3%
1987 G.I. JoeSteel Brigade
42.2%
1988 G.I. JoeSkystriker
41.8%
1988 G.I. JoeWindmill
41.8%
1988 G.I. JoeWild Card
41.4%
1988 G.I. JoeArmadillo
41.1%
1988 CobraSecto Viper
41%
1987 G.I. JoeSteam Roller
40.8%
1987 G.I. JoeRumbler
40.5%
1988 CobraFerret
40.3%
1988 CobraNullifier
38.8%

You're not logged in!

Compare scores with friends on all Sporcle quizzes.
Join for Free
OR
Log In

You Might Also Like...

Show Comments

Extras

Created Feb 11, 2010ReportNominate
Tags:character, code, joe, specialty, team

Top Quizzes Today


Score Distribution

Your Account Isn't Verified!

In order to create a playlist on Sporcle, you need to verify the email address you used during registration. Go to your Sporcle Settings to finish the process.

Report this User

Report this user for behavior that violates our Community Guidelines.

Details: